Topology semiar Wisconsin, 1965
Saved in:
| Main Authors: | , |
|---|---|
| Format: | Bog |
| Sprog: | engelsk |
| Udgivet: |
Princeton
Princeton University
1966
|
| Serier: | Annals of Mathematics Studies, 60
|
| Fag: | |
| Tags: |
Tilføj Tag
Ingen Tags, Vær først til at tagge denne postø!
|
MARC
| LEADER | 00000nam a2200000 a 4500 | ||
|---|---|---|---|
| 001 | UCQ9601 | ||
| 003 | CL-VaPUC | ||
| 008 | 990112e19660000us |||||||||||||||||eng|d | ||
| 082 | 0 | 4 | |a 514 |b BIN |2 21 |
| 100 | 0 | |a Bing, R. H |e author |9 424248 | |
| 700 | 0 | |a Bean, R. J |e author |9 424249 | |
| 245 | 1 | 0 | |a Topology semiar Wisconsin, 1965 |
| 300 | |a 246 p | ||
| 942 | |c BK | ||
| 945 | |d 19990112 00:00:00 |a crobeson | ||
| 260 | |a Princeton |b Princeton University |c 1966 | ||
| 650 | 0 | |a Topología |9 260092 | |
| 650 | 7 | |a MULTIFORMES |2 CL-VaPUC |9 424011 | |
| 650 | 7 | |a TEORIA DE LA HOMOTOPIA |2 CL-VaPUC |9 424250 | |
| 650 | 0 | |a Espacios topológicos |9 424244 | |
| 650 | 0 | |a Congresos |9 257560 | |
| 583 | |a last modification |c 20171205 05:06:51 |k Rodrigo Vera | ||
| 490 | 0 | |a Annals of Mathematics Studies, 60 | |
| 999 | |c 278593 |d 278591 | ||